| 000 | 01642nam a2200433 c 4500 | ||
|---|---|---|---|
| 999 |
_c327396 _d327396 |
||
| 003 | BLK | ||
| 005 | 20240117181251.0 | ||
| 008 | 180409b bul|||||r ||||||| ||bul|| | ||
| 010 | _aKNG00110985000 | ||
| 020 | _a9786191870516 | ||
| 040 | _aBLK | ||
| 041 |
_aBUL _cBUL |
||
| 080 |
_b330.16 _aИкономическа психология. Икономическо поведение. Физиологични и психологични елементи. Интереси. Икономически дух _z330.16 |
||
| 080 |
_b005.57 _x005.57 |
||
| 100 | 1 |
_aМавродиева-Георгиева, Иванка Тодорова _eпърви автор _9372073 |
|
| 139 |
_aМавродиева-Георгиева, Иванка Тодорова _bМ 12 |
||
| 245 | 1 | 0 |
_aБизнес комуникации _bпо новата програма _cИванка Тодорова Мавродиева-Георгиева, Мая Гешева |
| 257 | _aBGR | ||
| 260 |
_bБГ учебник _c2018 _9218930 _aСофия _n978-619-187- |
||
| 300 |
_a192 с. _bс табл. _c20 см |
||
| 380 | _a3 | ||
| 504 | _a99-101 | ||
| 650 | 0 |
_aКомуникация, корпоративна _9299674 |
|
| 653 | 7 |
_aбизнеспротокол _9181959 |
|
| 658 | 0 |
_9272422 _aБизнес кореспонденция |
|
| 700 |
_9367806 _aГешева, Мая _eсъавт. |
||
| 852 | _aЦб 294275 | ||
| 856 | 4 | _qpdf | |
| 856 | 4 | _qpdf | |
| 942 |
_cKNG _n0 _08 |
||
| 999 | _d327396 | ||
| 999 | _d327396 | ||
| 999 | _d327396 | ||
| 999 | _d327396 | ||
| 999 | _d327396 | ||
| 999 | _d327396 | ||
| 999 | _d327396 | ||
| 999 | _d327396 | ||
| 944 |
_k30576 _lЦветомила Тодорова |
||